|
|
|
|
| LEADER |
01202nam a22003137a 4500 |
| 001 |
36332 |
| 003 |
BD-DhAAL |
| 005 |
20191001144526.0 |
| 008 |
191001t2014 enka b 001 0 eng d |
| 999 |
|
|
|c 41473
|d 41473
|
| 020 |
|
|
|a 9781780673226
|
| 020 |
|
|
|a 1780673221
|
| 040 |
|
|
|a BD-DhAAL
|
| 082 |
|
|
|a 749.0
|2 23
|
| 100 |
|
|
|a Booth, Sam.
|9 35753
|
| 245 |
|
|
|a Furniture for interior design /
|c Sam Booth and Drew Plunkett.
|
| 260 |
|
|
|a London :
|b Laurence King,
|c c2014.
|
| 300 |
|
|
|a 192 pages :
|b illustrations ;
|c 28 cm
|
| 504 |
|
|
|a Includes bibliographical references (pages 186) and index.
|
| 526 |
|
|
|a SoAD
|
| 541 |
|
|
|a Zeenat Book Supply Limited
|e 36332
|
| 650 |
|
|
|a Furniture design
|v Catalogs.
|9 35754
|
| 650 |
|
|
|a Interior decoration.
|9 35755
|
| 650 |
|
|
|a Furniture.
|9 35756
|
| 650 |
|
|
|a Architecture.
|9 35758
|
| 700 |
|
|
|a Plunkett, Drew.
|9 35757
|
| 852 |
|
|
|a School of Architecture and Design
|c General Stacks
|
| 942 |
|
|
|2 ddc
|c BK
|
| 952 |
|
|
|0 0
|1 0
|2 ddc
|4 0
|6 749_000000000000000_BOO
|7 0
|9 66587
|a BRACUL
|b BRACUL
|c GEN
|d 2019-09-30
|e Zeenat Book Supply Limited
|g 4690.00
|l 2
|m 15
|o 749.0 BOO
|p 3010036332
|r 2026-02-18
|s 2025-10-18
|t 1
|v 4690.00
|w 2019-09-30
|y BK
|x Transferred from ARC to BRACUL on 28/12/2023
|